000 00765nam a2200217 a 4500
003 0
005 20250429150504.0
008 970114s19uu xx 00 eng d
050 _aPGS BF 724.3.P4
_b.An581 2003
100 _aAngeles, Frances Camille P.
245 _aPeer influence among Grade V and VI students of SIS /
_cFrances Camille P. Angeles.
260 _aLas PiƱas City, Philippines :
_bSouthville International School and Colleges,
_c2003.
300 _aUnpaged :
_bcolored illustrations ;
_c28 cm.
504 _aIncludes bibliographical references.
650 _aPeer pressure in children.
650 _aPeer influence.
650 _aSocialization.
650 _aParent and child.
650 _aChildren
_vSocial conditions.
942 _2lcc
_cPASS
999 _c96828
_d96828